Central Library OPAC University of Rajshahi

Psycho-Social Factors In Aggressive Behaviour In Males and Females In Bangladesh / (Record no. 78548)

MARC details
000 -LEADER
fixed length control field 00923nam a2200241 a 4500
001 - CONTROL NUMBER
control field 78548
003 - CONTROL NUMBER IDENTIFIER
rucl marc code BD-RjUL
005 - DATE AND TIME OF LATEST TRANSACTION
control field 20211209083136.0
008 - FIXED-LENGTH DATA ELEMENTS--GENERAL INFORMATION
fixed length control field 211004s2003 bg a|||| m||| 00| 0 eng d
035 ## - SYSTEM CONTROL NUMBER
System control number (BD-RjUL) 78774
040 ## - CATALOGING SOURCE
Original cataloging agency BD-RjUL
Language of cataloging eng
Transcribing agency BD-RjUL
Modifying agency BD-RjUL
041 ## - LANGUAGE CODE
Language code of text/sound track or separate title eng
082 ## - DEWEY DECIMAL CLASSIFICATION NUMBER
Classification number 155.232
Author mark and year RAP 2003
Edition number 23
100 ## - MAIN ENTRY--PERSONAL NAME
Personal name Rahman, A. K. M. Rezanur
9 (RLIN) 248846
245 10 - TITLE STATEMENT
Title Psycho-Social Factors In Aggressive Behaviour In Males and Females In Bangladesh /
Statement of responsibility, etc. by A. K. M. Rezanur Rahman ;
Linkage Supervisor : M. Mozammel Huq
260 ## - PUBLICATION, DISTRIBUTION, ETC. (IMPRINT)
Place of publication, distribution, etc. Rajshahi :
Name of publisher, distributor, etc. Department of Psychology, University of Rajshahi,
Date of publication, distribution, etc. 2003
300 ## - PHYSICAL DESCRIPTION
Pagination xii,122 leaves :
Illustrations ill ;
Size 29 cm.
502 ## - DISSERTATION NOTE
Dissertation note Thesis (M. Phil.) -- Department of Psychology, University of Rajshahi, 2003
504 ## - BIBLIOGRAPHY, ETC. NOTE
Bibliography, etc Reference : Leaves 97 - 115
650 ## - SUBJECT ADDED ENTRY--TOPICAL TERM
Topical term or geographic name as entry element Aggressiveness
General subdivision Sex differences
9 (RLIN) 248939
700 ## - ADDED ENTRY--PERSONAL NAME
Personal name Huq, M. Mozammel, Supervisor
942 ## - ADDED ENTRY ELEMENTS (KOHA)
Source of classification or shelving scheme Dewey Decimal Classification
Koha item type Theses
Holdings
Lost status Source of classification or shelving scheme Damaged status Not for loan Collection code Permanent Location Current Location Shelving location Date acquired Source of acquisition Total Checkouts Full call number Date last seen Copy number Koha item type
  Dewey Decimal Classification   Not For Loan Theses Central Library, University of Rajshahi Central Library, University of Rajshahi Documentation Section 07/07/2004 Controller of Exam., R.U.   THE 155.232 RAP 2003 04/10/2021 C-1 Theses